000 00500cam a2200145 4500
008 120625n 000 0 eng u
022 _a1821-6544
035 _a(Sirsi) a176639
050 _ap92.A4
245 _aAfricaans communication research
260 _aTanzania,mwanza.2008.
310 _aquarterly
520 _aAn underscore of Afro-centric values versus Eurocentric characterised post-colonial discourse marked by corruption and sensationalism persists.
650 _apost-colonial Africa
999 _c2498
_d2498